Minnesota Colleges/Universities Quiz - Statistics

General Stats
  • This quiz has been taken 112 times
    110 since last reset
  • The average score is 15 of 26
Answer Stats
City Answer % Correct
Duluth University of Minnesota Duluth
88%
Minneapolis University of Minnesota - Twin Cities
88%
Mankato Minnesota State University - Mankato
84%
St. Cloud St. Cloud State University
84%
St. Paul University of St. Thomas
76%
Northfield St. Olaf College
75%
Winona Winona State University
73%
Bemidji Bemidji State University
72%
St. Paul Concordia University - St. Paul
67%
St. Peter Gustavus Adolphus College
66%
Moorhead Concordia College
64%
Northfield Carleton College
63%
St. Paul Hamline University
63%
Collegeville St. John's University
60%
Crookston University of Minnesota - Crookston
60%
Duluth The College of St. Scholastica
59%
Minneapolis Augsburg University
49%
St. Paul Bethel University
49%
St. Paul St. Catherine University
49%
Moorhead Minnesota State University Moorhead
48%
St. Paul Macalester College
46%
Marshall Southwest Minnesota State University
41%
St. Paul University of Northwestern
35%
St. Paul Metropolitan State University
22%
Minneapolis Capella University
4%
Minneapolis Walden University
2%
No matching quizzes found
Score Distribution
Percent of People with Each Score
Percentile by Number Answered
Your Score History
You have not taken this quiz since the last reset